Normal view
MARC view
- Liu, Qianyi.
Entry Personal Name
001 - CONTROL NUMBER
- control field: 53987
003 - CONTROL NUMBER IDENTIFIER
- control field: OSt
005 - DATE AND TIME OF LATEST TRANSACTION
- control field: 20240305081927.0
008 - FIXED-LENGTH DATA ELEMENTS
- fixed length control field: 240305|| aca||aabn | a|a d
040 ## - CATALOGING SOURCE
- Original cataloging agency: OSt
- Transcribing agency: OSt
100 ## - HEADING--PERSONAL NAME
- Personal name: Liu, Qianyi.
- Relator term: author.
670 ## - SOURCE DATA FOUND
- Source citation: Work cat.: (OSt): Wang, Yun. author. 53984, An RLL current sharing snubber for multiple parallel IGBTs in high power applications /, July 2022.
